The Life of Salvador Dalí - Statistics

General Stats
  • This quiz has been taken 48 times
  • The average score is 7 of 16
Answer Stats
Hint Answer % Correct
In his 1931 painting "The Persistence of Memory", what devices are melting? Clocks
94%
Like André Breton and René Magritte, Dalí contributed to the popularization of what artistic movement? Surrealism
94%
What Spanish dictator's regime did Dalí controversially support? Francisco Franco
70%
Dalí famously designed the logo of Chupa Chups in 1969. What type of candy is this company known for selling? Lollipops
66%
What art movement did he predominantly follow before switching to the above? Cubism
64%
By what four-letter name was his wife better known as, to whom he was married for 48 years? Gala
49%
What antique sculpture did he decorate with drawers? Venus de Milo
45%
What gets notoriously cut with a razor blade during "Un chien andalou"? Eye
43%
By what animal did he replace the headset on a working telephone? Lobster
38%
What Spanish Netflix series is about bank robbers frequently wearing a Dalí mask? Money heist
36%
In which Catalan city was Dalí born, which is also where he died? (hint: starts with F) Figueres
34%
Which Spanish director did he collaborate with for the production of the two short films "Un chien andalou" and "L'âge d'or"? Luis Buñuel
30%
What Hollywood actress of the 1930s had a sofa shaped after her lips by Dalí? Mae West
28%
What animal can be seen on fire in the background of one of his most famous oil paintings from 1937? Giraffe
21%
In which city in Florida can you visit the Salvador Dalí Museum? St. Petersburg
21%
Dalí had a feline pet named Babou. What animal was it? Ocelot
17%
No matching quizzes found
Score Distribution
Percent of People with Each Score
Percentile by Number Answered
Your Score History
You have not taken this quiz